Systém testovania vedomostných úrovní anglického a nemeckého všeobecného a odborného ekonomického jazyka pre bakalárske štúdium na Ekonomickej univerzite v Bratislave v rámci kreditového systému priebežná správa o riešení inštitucionálneho projektu č. 106004/05

Gespeichert in:
Bibliographische Detailangaben
1. Verfasser: Seresová, Katarína, 1967-
Körperschaft: Ekonomická univerzita v Bratislave. Ústav jazykov
Weitere Verfasser: Stradiotová, Eva, 1963-, Helmová, Milena, 1954-, Janíčková, Eva, Bocková, Viera, Hrivíková, Tatiana, 1959-
Format: Buch
Sprache:Slowakisch
Veröffentlicht: Bratislava 2006
Schlagworte:
Tags: Tag hinzufügen
Keine Tags, Fügen Sie das erste Tag hinzu!

MARC

LEADER 00000nam$a2200000$$$4500
001 0056245
005 20240718083250.1
041 0 |a slo 
044 |a SK 
245 1 0 |a Systém testovania vedomostných úrovní anglického a nemeckého všeobecného a odborného ekonomického jazyka pre bakalárske štúdium na Ekonomickej univerzite v Bratislave v rámci kreditového systému  |b priebežná správa o riešení inštitucionálneho projektu č. 106004/05  |c vedúca projektu: Katarína Seresová 
264 1 |a Bratislava  |c 2006 
300 |a 4 s. 
610 2 0 |a jazyky cudzie 
610 2 0 |a terminológia 
610 2 0 |a vedomosti 
610 2 0 |a testy 
610 2 0 |a štúdium kreditné 
610 2 0 |a angličtina 
610 2 0 |a nemčina 
100 1 |a Seresová, Katarína, 1967- 
700 1 |a Stradiotová, Eva, 1963- 
700 1 |a Helmová, Milena, 1954- 
700 1 |a Janíčková, Eva 
700 1 |a Bocková, Viera 
700 1 |a Hrivíková, Tatiana, 1959- 
710 2 |a Ekonomická univerzita v Bratislave. Ústav jazykov